Online
Catalog

Tristezas / (Record no. 5165)

MARC details
000 -CABECERA
campo de control de longitud fija 01094nam a2200289 a 4500
001 - NÚMERO DE CONTROL
campo de control 000005365
005 - FECHA Y HORA DE LA ÚLTIMA TRANSACCIÓN
campo de control 20200929151644.0
008 - DATOS DE LONGITUD FIJA--INFORMACIÓN GENERAL
campo de control de longitud fija 090819s2005 es 001 0 spa d
020 ## - NÚMERO INTERNACIONAL ESTÁNDAR DEL LIBRO
Número Internacional Estándar del Libro 8400083814
040 ## - FUENTE DE LA CATALOGACIÓN
Centro catalogador/agencia de origen DO-SdBNP
Lengua de catalogación spa
Centro/agencia transcriptor BNPHU
082 ## - NÚMERO DE LA CLASIFICACIÓN DECIMAL DEWEY
Número de clasificación xxxx
Número de documento/Ítem O969t
049 ## - FONDOS LOCALES (OCLC)
Fondos de biblioteca BNPD
100 1# - ENTRADA PRINCIPAL--NOMBRE DE PERSONA
Nombre de persona Ovidio Nasón, Publio
Fechas asociadas al nombre 43 a.c.-17 d.c.
9 (RLIN) 15210
240 10 - TÍTULO UNIFORME
Título uniforme Tristia
Lenguaje de la obra Español-Latín
245 10 - MENCIÓN DE TÍTULO
Título Tristezas /
Mención de responsabilidad, etc. Publio Ovidio Nasón ; introducción, edición crítica, traducción y notas de Eulogio Baeza Angulo.
260 ## - PUBLICACIÓN, DISTRIBUCIÓN, ETC.
Lugar de publicación, distribución, etc. Madrid, España :
Nombre del editor, distribuidor, etc. Consejo Superior de Investigaciones Científicas,
Fecha de publicación, distribución, etc. 2005.
300 ## - DESCRIPCIÓN FÍSICA
Extensión xcii, 193 P. ;
Dimensiones 22 cm.
490 1# - MENCIÓN DE SERIE
Mención de serie Alma mater ;
490 1# - MENCIÓN DE SERIE
Mención de serie Autores griegos y latinos ;
500 ## - NOTA GENERAL
Nota general Incluye índice
500 ## - NOTA GENERAL
Nota general Incluye referencias bibliográficas y notas al pie de las páginas
504 ## - NOTA DE BIBLIOGRAFÍA, ETC.
Nota de bibliografía, etc. Bibliografía : p 58 -88
546 ## - NOTA DE LENGUA/LENGUAJE
Nota de lengua/lenguaje Texto en griego y traducción paralela en español, introducción en español
700 12 - PUNTO DE ACCESO ADICIONAL--NOMBRE DE PERSONA
Nombre de persona Baeza Angulo, Eulogio,
Término indicativo de función/relación tr.
9 (RLIN) 15211
830 #0 - PUNTO DE ACCESO ADICIONAL DE SERIE-TÍTULO UNIFORME
Título uniforme Alma mater ;
9 (RLIN) 807
830 #0 - PUNTO DE ACCESO ADICIONAL DE SERIE-TÍTULO UNIFORME
Título uniforme Autores griegos y latinos ;
9 (RLIN) 15129
Holdings
Estado de retiro Estado de pérdida Restricciones de uso No para préstamo Código de colección Localización permanente Ubicación/localización actual Ubicación en estantería Fecha de adquisición Número de inventario Total de préstamos Signatura topográfica completa Código de barras Fecha visto por última vez Precio válido a partir de Tipo de ítem Koha
        Monografías: Libros y Folletos General General Depósito 19.08.2009 LF1   xxxx O969t 5365-10 25.06.2020 25.06.2020 Préstamo en sala

Powered by Koha